<?xml version="1.0" encoding="UTF-8"?>
<collection xmlns="http://www.loc.gov/MARC21/slim">
 <record>
  <leader>02190nam a2200301 a 4500</leader>
  <controlfield tag="001">TVCDKTCT14317</controlfield>
  <controlfield tag="003">Thư viện trường Cao đẳng Kỹ thuật Cao Thắng</controlfield>
  <controlfield tag="005">20130621000000</controlfield>
  <controlfield tag="008">130621</controlfield>
  <datafield tag="980" ind1="\" ind2="\">
   <subfield code="a">Thư viện Trường CĐ Kỹ Thuật Cao Thắng</subfield>
  </datafield>
  <datafield tag="024" ind1=" " ind2=" ">
   <subfield code="a">RG_1 #1 eb0 i1</subfield>
  </datafield>
  <datafield tag="020" ind1="#" ind2="#">
   <subfield code="a">9780312469290</subfield>
  </datafield>
  <datafield tag="041" ind1="0" ind2="#">
   <subfield code="a">vie</subfield>
  </datafield>
  <datafield tag="082" ind1="#" ind2="#">
   <subfield code="a">428 / </subfield>
   <subfield code="b">B200D-x</subfield>
  </datafield>
  <datafield tag="100" ind1="1" ind2="#">
   <subfield code="a">J. Kenedy X.</subfield>
  </datafield>
  <datafield tag="245" ind1="0" ind2="0">
   <subfield code="a">The Bedford Guide for College Writers with Reader /</subfield>
   <subfield code="c">J. Kenedy X., M. Kenedy Dorothy, F. Muth Marcia</subfield>
  </datafield>
  <datafield tag="250" ind1="#" ind2="#">
   <subfield code="a">Tái bản lần thứ 8</subfield>
  </datafield>
  <datafield tag="260" ind1="#" ind2="#">
   <subfield code="a">U.S.A :</subfield>
   <subfield code="b">Bedford ,</subfield>
   <subfield code="c">2007</subfield>
  </datafield>
  <datafield tag="300" ind1="#" ind2="#">
   <subfield code="a">656tr. ;</subfield>
   <subfield code="c">27 cm</subfield>
  </datafield>
  <datafield tag="520" ind1="#" ind2="#">
   <subfield code="a">X.J. KENNEDY is an acclaimed poet, children's author, college teacher, and textbook author. He has taught freshman composition at the University of Michigan, the University of North Carolina, Greensboro, and Tufts University. Since 1966, more than 2 million students have treasured his introductory literature texts and The Bedford Reader, coedited with Dorothy M. Kennedy and Jane E. Aaron, now in its Ninth Edition. </subfield>
  </datafield>
  <datafield tag="520" ind1="#" ind2="#">
   <subfield code="a">DOROTHY M. KENNEDY is a writer and editor whose articles and reviews have appeared in both professional and academic journals. She has taught composition at the University of Michigan and Ohio University and, with X.J. Kennedy, is the recipient of the NCTE Teacher's Choice Award for Knock at a Star: A Child's Introduction to Poetry. </subfield>
  </datafield>
  <datafield tag="520" ind1="#" ind2="#">
   <subfield code="a">MARCIA F. MUTH is a teacher, writer, and editor. She has taught first-year composition at The Ohio State University and now offers writing workshops through the School of Education at the University of Colorado at Denver and Health Sciences Center. She is the author or co-author of several composition textbooks and ancillaries, including Getting the Picture, Researching and Writing, and Writing and Revising, all published by Bedford/St. Martin's. She also co-authored Harold D. Lasswell: An Annotated Bibliography.</subfield>
  </datafield>
  <datafield tag="520" ind1="#" ind2="#">
   <subfield code="a">--This text refers to an alternate Paperback edition.</subfield>
  </datafield>
  <datafield tag="650" ind1="#" ind2="4">
   <subfield code="a">A Writers Guide</subfield>
  </datafield>
  <datafield tag="650" ind1="#" ind2="4">
   <subfield code="a">College readers</subfield>
  </datafield>
  <datafield tag="650" ind1="#" ind2="4">
   <subfield code="a">College writing</subfield>
  </datafield>
  <datafield tag="700" ind1="0" ind2="#">
   <subfield code="a">M. Kenedy Dorothy</subfield>
  </datafield>
  <datafield tag="700" ind1="0" ind2="#">
   <subfield code="a">F. Muth Marcia</subfield>
  </datafield>
 </record>
</collection>
